Community treatment of drug misuse : (Record no. 9376)

MARC details
000 -LEADER
fixed length control field 01555cam a2200397 a 4500
001 - CONTROL NUMBER
control field 12115598
003 - CONTROL NUMBER IDENTIFIER
control field OSt
005 - DATE AND TIME OF LATEST TRANSACTION
control field 20240917103031.0
008 - FIXED-LENGTH DATA ELEMENTS--GENERAL INFORMATION
fixed length control field 000721s2000 enka b 001 0 eng d
010 ## - LIBRARY OF CONGRESS CONTROL NUMBER
LC control number 00698328
015 ## - NATIONAL BIBLIOGRAPHY NUMBER
National bibliography number GB99-Y5997
020 ## - INTERNATIONAL STANDARD BOOK NUMBER
International Standard Book Number 0521590914 (hardback)
020 ## - INTERNATIONAL STANDARD BOOK NUMBER
International Standard Book Number 052166565620
035 ## - SYSTEM CONTROL NUMBER
System control number (OCoLC)ocm41018895
040 ## - CATALOGING SOURCE
Original cataloging agency UKM
Transcribing agency MUST
Modifying agency C#P
-- DDC
042 ## - AUTHENTICATION CODE
Authentication code lccopycat
050 00 - LIBRARY OF CONGRESS CALL NUMBER
Classification number RC566
Item number .S36 2000
082 00 - DEWEY DECIMAL CLASSIFICATION NUMBER
Classification number 616.86/06
Edition number 21
100 1# - MAIN ENTRY--PERSONAL NAME
Personal name Seivewright, Nicholas.
9 (RLIN) 19135
245 10 - TITLE STATEMENT
Title Community treatment of drug misuse :
Remainder of title more than methadone /
Statement of responsibility, etc. Nicholas Seivewright.
260 ## - PUBLICATION, DISTRIBUTION, ETC. (IMPRINT)
Place of publication, distribution, etc. Cambridge :
Name of publisher, distributor, etc. Cambridge University Press,
Date of publication, distribution, etc. 2000.
300 ## - PHYSICAL DESCRIPTION
Extent xvi, 243 p. :
Other physical details ill. ;
Dimensions 24 cm.
500 ## - GENERAL NOTE
General note Appendix, Glossary
504 ## - BIBLIOGRAPHY, ETC. NOTE
Bibliography, etc Includes bibliographical references (p. 219-240) and index.
600 ## - SUBJECT ADDED ENTRY--PERSONAL NAME
Source of heading or term Drug misuse
650 #0 - SUBJECT ADDED ENTRY--TOPICAL TERM
Topical term or geographic name as entry element Drug addiction
General subdivision Treatment.
9 (RLIN) 19136
650 #0 - SUBJECT ADDED ENTRY--TOPICAL TERM
Topical term or geographic name as entry element Drug abuse
General subdivision Treatment.
9 (RLIN) 19137
650 #0 - SUBJECT ADDED ENTRY--TOPICAL TERM
Topical term or geographic name as entry element Methadone maintenance.
9 (RLIN) 19138
650 #0 - SUBJECT ADDED ENTRY--TOPICAL TERM
Topical term or geographic name as entry element Drug addicts
General subdivision Services for.
9 (RLIN) 19139
856 41 - ELECTRONIC LOCATION AND ACCESS
Materials specified Sample text
Uniform Resource Identifier http://www.loc.gov/catdir/samples/cam031/00698328.html
856 42 - ELECTRONIC LOCATION AND ACCESS
Materials specified Publisher description
Uniform Resource Identifier http://www.loc.gov/catdir/description/cam021/00698328.html
856 41 - ELECTRONIC LOCATION AND ACCESS
Materials specified Table of contents
Uniform Resource Identifier http://www.loc.gov/catdir/toc/cam026/00698328.html
906 ## - LOCAL DATA ELEMENT F, LDF (RLIN)
a 7
b cbc
c copycat
d 2
e ncip
f 20
g y-gencatlg
942 ## - ADDED ENTRY ELEMENTS (KOHA)
Source of classification or shelving scheme Dewey Decimal Classification
Koha item type Book

No items available.